| 000 | 01329cam a22003617a 4500 | ||
|---|---|---|---|
| 003 | CHAP | ||
| 005 | 20220817043253.0 | ||
| 008 | 971013s1985 r 00010 d | ||
| 010 | _a70094 | ||
| 011 | _a71066 | ||
| 035 | _a80620 | ||
| 040 | _cCHAP | ||
| 090 | _aFolleto 12132 | ||
| 100 | 0 | 0 |
_aCampos de Jesús, Sergio. _918096 |
| 245 | 0 |
_aCómo cultivar maíz 'cajete' en la Mixteca Alta de Oaxaca _c/por Sergio Campos de Jesús, Nestor Espinosa Paz y José Luis Jiménez Victoria |
|
| 260 |
_aXanhuitlán, Oax. : _bINIA. Campo Agrícola Experimental Mixteca Oaxaqueña, _c1985. |
||
| 300 |
_a12 p. _b; ilus. |
||
| 490 | 0 |
_aFolleto para productores _v; 2 |
|
| 590 |
_aBATCH-UPD _b10 _c20130110 _lUCH01 _h0542 |
||
| 590 |
_aBATCH-UPD _b10 _c20130110 _lUCH01 _h2221 |
||
| 590 |
_aBATCH-UPD _b10 _c20130410 _lUCH01 _h0223 |
||
| 590 |
_aBATCH-UPD _b10 _c20130914 _lUCH01 _h0830 |
||
| 590 |
_aCONVERSION _b10 _c20130109 _lUCH01 _h1338 |
||
| 650 | 1 | 4 |
_aMaíz _xVariedades. _971081 |
| 650 | 1 | 4 |
_aMaíz _zOaxaca. _971100 |
| 700 | 0 |
_aEspinoza Paz, Néstor. _938067 |
|
| 700 | 0 |
_aJiménez Victoria, José Luis. _961677 |
|
| 830 | 0 |
_aFolleto para productores _v; 2 |
|
| 901 | _aBK | ||
| 942 | _cFOLL | ||
| 949 |
_aFolleto 12132 _bBC _cFOLL _d-33524 _eTS1 _i80620 _mD _si |
||
| 949 |
_aFolleto 12132 _bBC _cFOLL _d80620 _eTS2 _fc.2 _gDonaciØn _i80620 _si |
||
| 999 |
_c70094 _d70094 |
||